000 00791nas a2200253 4500
001 BR2014000211
003 BR-BrBNA
005 20231205123557.0
007 ta
008 230509b bl.|||p| |||| 00| 00por d
040 _aBR-BrBNA
_bpor
_cBiblioteca Nacional de Agricultura
041 _a(Pt)
072 _aH01; E70
100 1 _aParizzi, P.
245 1 _aSistema de defesa vegetal no Brasil
650 _aAGRICULTURA
650 _aDEFESA VEGETAL
650 _aLEGISLAÇÃO
650 _aCERTIFICAÇÃO DE PRODUTO
650 _aAGRONEGÓCIO
773 0 _tInforme Agropecuário - Empresa de Pesquisa Agropecuária de Minas Gerais (Brazil)
_xISSN 0100-3364
_g(Sep-Oct 2013), v. 34(276) p. 14-37
_wBR2014000211
909 _a202311
_bLúcia
_c55
_dLúcia Elande
942 _2AGRIS
_n0
_cANA
999 _c234607
_d234607